LEADER 02122nam a2200361 u 4500 001 000000046019 003 CaOOAMICUS 005 20070226114728.0 008 990622s1965 gw u000 u ger u 035 $a10827576 040 $aPUL(R)$bita$dIAR 245 04$aDie Welt zur Zeit des Konstanzer Konzils :$bReichenau-Vorträge im Herbst 1964. 260 $aKonstanz ;$aStuttgart :$bJan Thorbecke Verlag,$c1965. 300 $a182 p., ;$c24 cm 490 1 $aVorträge und Forschungen (Konstanzer Arbeitskreis für mittelalterliche Geschichte) ;$v9. 611 24$aConcilium Constantiense$d(1414-1418).$0(OLS)http://pul/subject/3129 651 4$aEuropa$xStoria$xCongressi$ySec. XV.$0(OLS)http://pul/subject/19689 774 0 $aHeimpel, Hermann.$tDas deutsche fünfzehnte Jahrhundert in Krise und Beharrung$w()94698 774 0 $aSeibt, Ferdinand.$tGeistige Reformbewegungen zur Zeit des Konstanzer Konzils$w()94699 774 0 $aKej?, Ji?i.$tZur Entstehungsgeschichte des Hussitentums$w()94700 774 0 $aHofmann, Hanns Hubert.$tDie Krise des deutschen Ordens$w()94701 774 0 $aBauer, Clemens.$tWirtschaftsgeschichtliche Probleme des fünfzehnten Jahrhunderts$w()94702 774 0 $aBosl, Karl.$tDer geistige Widerstand am Hofe Ludwigs des Bayern gegen die Kurie$w()94703 774 0 $aFink, Karl August.$tDie konziliare Idee im späten Mittelalter$w()94704 774 0 $aBeck, Hans Georg.$tByzanz und der Westen im Zeitalter des Konziliarismus$w()94705 774 0 $aStökl, Günther.$tDie Ostslaven zur Zeit des Konstanzer Konzils$w()94706 830 0$aVorträge und Forschungen (Konstanzer Arbeitskreis für mittelalterliche Geschichte) ;$v9.$0(OLS)http://pul/title/27151 850 $aPUL 852 $aPUL$W1$xSL Religione 1$y3$m30 B 34$j61735$nBK-PRI$b $qStampati$B61735$CPULBib$Z2$F61735 $H $81 941 1 $a8 961 $aINV: 31488 996 $6245$aDie Welt zur Zeit des Konstanzer Konzils :$bReichenau-Vorträge im Herbst 1964$9(OLS)http://pul/title/62039 996 $6260$aKonstanz ;$aStuttgart :$bJan Thorbecke Verlag$9(OLS)http://pul/publisher/66318 LEADER 01160nam a2200289 a 4500 001 000000167795 003 CaOOAMICUS 005 20180522113950.0 008 180522s1995 it af u000 u ita r 020 $a88-384-2405-5* 032 $aLibriCat 040 $aPUL$bita 041 1 $aita$aheb$hheb 130 0 $aRotoli del Mar Morto.$lItaliano.$kGruppi, scelte, ecc.$0(OLS)http://pul/title/42685 245 12$aI Salmi di Qumrân /$c[a cura di] Klaus Berger. 260 $aCasale Monferrato :$bPiemme,$c1995. 300 $a309 p., [4] p. di tav. :$bill. ;$c24 cm. 546 $aTesto ebraico a fronte. 650 4$aQumrân (comunità).$0(OLS)http://pul/subject/9646 700 1 $aBerger, Klaus,$d1940-2020.$0(OLS)http://pul/name/25353 850 $aPUL 852 $aPUL$W1$xDP1 Fondo Dalla Palma$y117$m3 G 7$j166705$qFondi$B195509$CPULBib$Z2$F195509 $HDal2232 $81 941 1 $a1 996 $6020$a88-384-2405-5*$9(OLS)http://pul/number/164124 996 $6245$aI Salmi di Qumrân$9(OLS)http://pul/title/42686 996 $6260$aCasale Monferrato :$bPiemme$9(OLS)http://pul/publisher/51813